Homes for our old age (Record no. 110019)
[ view plain ]
| 000 -LEADER | |
|---|---|
| fixed length control field | 01819cad a22002415a 4500 |
| 001 - CONTROL NUMBER | |
| control field | L148361 |
| 008 - FIXED-LENGTH DATA ELEMENTS--GENERAL INFORMATION | |
| fixed length control field | 090909s2009 xxko f 000 0 eng d |
| 035 ## - SYSTEM CONTROL NUMBER | |
| System control number | (Sirsi) u148361 |
| 041 0# - LANGUAGE CODE | |
| Language code of text/sound track or separate title | eng |
| 050 04 - LIBRARY OF CONGRESS CALL NUMBER | |
| Classification number | 362.6 $2 18 |
| 110 2# - MAIN ENTRY--CORPORATE NAME | |
| Corporate name or jurisdiction name as entry element | Women's Design Service |
| 9 (RLIN) | 5790 |
| 245 00 - TITLE STATEMENT | |
| Title | Homes for our old age |
| Remainder of title | independent living by design |
| Medium | [electronic resource] |
| 260 ## - PUBLICATION, DISTRIBUTION, ETC. | |
| Place of publication, distribution, etc. | London |
| Name of publisher, distributor, etc. | CABE |
| Date of publication, distribution, etc. | 2009 |
| 505 2# - FORMATTED CONTENTS NOTE | |
| Formatted contents note | Introduction -- Age, poverty, dementia and isolation: the facts -- Issues facing commissioners and designers -- The case studies in outline -- Lessons from the case studies -- Case studies -- Colliers Gardens, Bristol -- Ligham Court, Lambeth, London -- Darwin Court; Southwark, London -- Barton Mews; Barton-under-Needwood, Staffordshire -- Painswick Retirement Village, near Stroud, Gloucestershire -- Croftspar, Springboig Avenue, Glasgow -- Foundations for Living, Huntingdon, Cambridgeshire -- Callendar Court, Gateshead -- Prices Yard, Islington, London -- Mainstream housing adaptations in London -- Conclusion -- Further advice and guidance |
| 520 ## - SUMMARY, ETC. | |
| Summary, etc. | Advocates that dwellings for older people be carefully designed and built to meet their need for independence, choice, contact with friends, family and local communities, as well as the possibility to have access to shops and services. Provides ten case studies of successful homes for the elderly, including one for disabled people. |
| 521 ## - TARGET AUDIENCE NOTE | |
| Target audience note | Advanced |
| 590 ## - LOCAL NOTE (RLIN) | |
| Local note | KA |
| 651 #4 - SUBJECT ADDED ENTRY--GEOGRAPHIC NAME | |
| Geographic name | United Kingdom |
| Chronological subdivision | |
| 690 ## - LOCAL SUBJECT ADDED ENTRY--TOPICAL TERM (OCLC, RLIN) | |
| Topical term or geographic name as entry element | PROPERTY-OTHER PROPERTY TYPES-HEALTHCARE AND WELFARE PROPERTY-WELFARE FACILITY AND HOME PROPERTY-WELFARE FACILITIES AND HOMES |
| 710 1# - ADDED ENTRY--CORPORATE NAME | |
| Corporate name or jurisdiction name as entry element | University of the West of England |
| 9 (RLIN) | 3479 |
| 856 40 - ELECTRONIC LOCATION AND ACCESS | |
| Uniform Resource Identifier | <a href="https://www.cabe.org.uk/publications/homes-for-our-old-age">https://www.cabe.org.uk/publications/homes-for-our-old-age</a> |
| Public note | View the report free of charge at www.cabe.org.uk... |
| 942 ## - ADDED ENTRY ELEMENTS (KOHA) | |
| Suppress in OPAC | 0 |
| Withdrawn status | Lost status | Source of classification or shelving scheme | Damaged status | Not for loan | Home library | Current library | Shelving location | Date acquired | Total Checkouts | Full call number | Barcode | Date last seen | Copy number | Price effective from | Koha item type |
|---|---|---|---|---|---|---|---|---|---|---|---|---|---|---|---|
| Dewey Decimal Classification | Virtual | Virtual | Online | 09/09/2009 | ONLINE PUBLICATION | 148361-1001 | 06/08/2019 | 1 | 06/08/2019 | Book |